00770cam a2200217 4500001001300000003000400013005001700017008004100034010001700075025002100092050002100113100002500134245003400159250001400193260011300207300003100320350001000351500014100361504003200502650001800534sa 68016759 DLC20260227112657.0710414s1967 ii c b 00100 eng  asa 68016759  aPL480: I-E-111510 aBJ1290b.S6 196710aSogani, Kamal Chand.10aEthical doctrines in Jainism. a[1st ed.]0 aSholapur,bLalchand Hirachand Doshi; [copies can be had from Jaina Saṁskṛti Saṁrakshaka Sangha]c1967. axvi, 302 p.bport.c25 cm. a12.00 a"Substantially the same as the thesis which was approved by the University of Rajasthan for the degree of doctor of philosophy in 1961." aBibliography: p. [281]-284. 0aJaina ethics.